[Event "German Bundesliga 2021-22"]
[Site "Germany"]
[Date "2022.04.09"]
[Round "3.5"]
[White "Gustafsson, Jan"]
[Black "Klein, Felix"]
[Result "1-0"]
[WhiteElo "2643"]
[BlackElo "2288"]
[Annotator "TA"]
[PlyCount "73"]
[EventDate "2022.03.05"]
[EventType "team-tourn"]
[EventCountry "GER"]
[SourceTitle "playchess.com"]
[Source "ChessBase"]
[SourceQuality "1"]
[TimeControl "40/5400+30:1800+30"]

{[%evp 10,72,35,-13,-4,-30,-19,-50,-48,-100,-50,-18,0,-7,0,-26,93,90,93,89,111,92,76,32,288,279,260,262,266,314,288,287,285,289,298,278,278,287,295,155,207,203,171,156,458,442,420,267,356,0,373,0,369,304,633,620,596,588,6116,5743,29984,29985,29992,29993,29999]} 1. d4 {[%emt 0:00:00]} d5 {[%emt 0:00:00]} 2. c4 {[%emt 0:00:00]} e6 {[%emt 0:00:00]} 3. Nc3 {[%emt 0:00:00]} c6 {[%emt 0:00:00]} 4. e3 {[%emt 0:00:00]} Bd6 {[%emt 0:00:00]} 5. Bd3 {[%emt 0:00:00]} f5 {[%emt 0:00:00]} 6. g4 {[%emt 0:00:00]} (6. b3 $14) 6... Nf6 $11 {[%emt 0:00:00] A84: Dutch Defence: 2 c4 Miscellaneous.} 7. gxf5 {[%emt 0:00:00]} exf5 {[%emt 0:00:00]} 8. Qc2 {[%emt 0:01:07]} O-O {[%emt 0:01:29] [#] Black is slightly better.} 9. Bxf5 $146 {[%emt 0:06:38]} ({White should try} 9. a3 $15) ({Predecessor:} 9. cxd5 Nxd5 10. Bc4 Kh8 11. Nge2 Be6 12. Qb3 Nd7 13. Bxd5 Bxd5 14. Nxd5 cxd5 15. Qxd5 {½-½ (44) Abrashkin,B (2407)-Tabatabaei,M (2613) Chess.com INT 2021}) 9... Bxf5 {[%emt 0:00:40]} (9... dxc4 $17 {Strongly threatening ...Na6.} 10. a3 Bxf5 11. Qxf5 Qd7 12. Qxd7 Nbxd7) 10. Qxf5 $15 {[%emt 0:00:08]} Kh8 {[%emt 0:12:02][%cal Of6e4]} 11. Nf3 {[%emt 0:17:55]} Ne4 {[%emt 0:11:08] Prevents Ng5.} 12. Qg4 {[%emt 0:08:29]} Qf6 {[%emt 0:22:12]} (12... Nxc3 $11 {remains equal.} 13. bxc3 Qf6) 13. Nxe4 $16 {[%emt 0:07:52]} dxe4 {[%emt 0:00:23] [#]} (13... Qxf3 $2 14. Qxf3 Bb4+ 15. Ke2 Rxf3 16. Kxf3 $18) 14. Ng5 {[%emt 0:00:33]} Qxf2+ {[%emt 0:08:54]} 15. Kd1 {[%emt 0:00:17][%cal Be1d1,Bd1c2,Bc2b1][%mdl 32]} Be7 {[%emt 0:19:37] And now ...Bxg5 would win.} 16. Ne6 $40 {[%emt 0:11:26][%csl Ge6][%cal Rg4g7][%mdl 128] White is up to no good.} Qf7 {[%emt 0:05:48][%mdl 8192] White stays focused until the end.} (16... Qf3+ $2 17. Qxf3 Rxf3 18. Nc7 $18) (16... Rf7 $14) 17. Nxf8 $18 {[%emt 0:03:22]} Bxf8 {[%emt 0:00:02]} 18. Qc8 {[%emt 0:24:08] Black must now prevent Ke1.} ({Much less strong is} 18. Qxe4 $6 Na6 19. Bd2 Re8 $18) 18... Nd7 {[%emt 0:06:44]} 19. Qxa8 {[%emt 0:00:13]} Qf3+ {[%emt 0:00:03] [#]} 20. Kc2 $1 {[%emt 0:00:39]} Qxh1 {[%emt 0:00:31]} 21. Qxb7 {[%emt 0:08:39]} Qf1 {[%emt 0:01:41][%csl Ge4][%cal Rf1d3]} 22. Qb3 {[%emt 0:01:34] Prevents Qd3+.} Nb6 {[%emt 0:06:51]} 23. c5 {[%emt 0:00:47]} Nd5 {[%emt 0:00:31]} 24. a3 {[%emt 0:00:58]} ({Better is} 24. Kb1 $18) 24... a5 $16 {[%emt 0:01:18][%cal Oa5a4] aiming for ...a4!} 25. Kb1 {[%emt 0:00:35]} h5 {[%emt 0:01:32]} 26. Qc2 {[%emt 0:02:41]} Nxe3 $2 {[%emt 0:01:16]} (26... Be7 $16 {is tougher.} 27. Ka2 (27. Qxe4 Bg5 $14) 27... Qf7) 27. Qxe4 $18 {[%emt 0:00:13]} Nd5 {[%emt 0:00:36]} 28. Qc2 {[%emt 0:04:31]} Ne3 {[%emt 0:00:28]} 29. Qe4 {[%emt 0:00:35][%csl LRc6,LRe3]} Nd5 {[%emt 0:00:02]} 30. Qc2 {[%emt 0:00:05]} Ne3 $1 {[%emt 0:00:03]} 31. Qb3 {[%emt 0:00:31]} Nf5 {[%emt 0:01:24]} (31... Nd5 32. Qc2) 32. Qf7 {[%emt 0:01:02][%csl LRf8,LRh5]} Be7 {[%emt 0:00:39]} 33. Ka2 {[%emt 0:00:30]} Bf6 {[%emt 0:00:16] [#]} 34. Bg5 $1 {[%emt 0:00:40][%mdl 512]} Qd3 {[%emt 0:00:34]} (34... Qg2 35. Bxf6) 35. Bxf6 {[%emt 0:00:11] White mates.} gxf6 {[%emt 0:00:01]} 36. Rg1 {[%emt 0:00:26][%csl Gf7][%cal Rg1g8]} Nxd4 {[%emt 0:01:10]} 37. Rg8# {Weighted Error Value: White=0.50/Black=0.69} 1-0

[Event "German Bundesliga 2021-22"]
[Site "Germany"]
[Date "2022.04.09"]
[Round "3.5"]
[White "Predojevic, Borki"]
[Black "Berchtenbreiter, Maximilian"]
[Result "1/2-1/2"]
[WhiteElo "2585"]
[BlackElo "2506"]
[Annotator "TA"]
[PlyCount "76"]
[EventDate "2022.03.05"]
[EventType "team-tourn"]
[EventCountry "GER"]
[SourceTitle "playchess.com"]
[Source "ChessBase"]
[SourceQuality "1"]
[TimeControl "40/5400+30:1800+30"]

{[%evp 10,76,7,16,14,11,56,51,53,42,56,30,61,15,27,18,23,23,25,25,28,2,6,0,0,0,0,0,0,7,0,0,0,-14,19,14,5,-22,-27,-57,-71,-81,-23,-87,-77,-78,-53,-53,-53,-82,-91,-82,-20,-28,20,-77,-22,-22,-14,-14,-14,-14,-10,-14,-14,-8,0,-4,0]} 1. e4 {[%emt 0:00:00]} c6 {[%emt 0:00:00]} 2. Nc3 {[%emt 0:00:00]} d5 {[%emt 0:00:00]} 3. Nf3 {[%emt 0:00:00]} Bg4 {[%emt 0:00:00]} 4. h3 {[%emt 0:00:00]} Bxf3 {[%emt 0:00:00]} 5. Qxf3 {[%emt 0:00:00]} e6 {[%emt 0:00:00]} 6. Be2 {[%emt 0:00:00]} Nf6 {[%emt 0:00:00] B11: Caro-Kann: Two Knights Variation.} 7. O-O {[%emt 0:00:00]} Bb4 {[%emt 0:03:55]} 8. e5 {[%emt 0:28:00]} Nfd7 {[%emt 0:00:09] White is slightly better.} 9. d4 {[%emt 0:00:10] [#]} Be7 $146 {[%emt 0:14:00]} ({Predecessor:} 9... a6 10. Qg3 g6 11. Nb1 Be7 12. Nd2 c5 13. c3 Nc6 14. Nf3 Qb6 15. Rd1 h6 {½-½ (41) Hansen,T (2439)-Peralta,F (2603) Roquetas de Mar 2011}) 10. Rd1 {[%emt 0:23:49]} (10. Qg3 $5 {[%cal Rg3g7]} g6 11. a3 $16) 10... g6 {[%emt 0:10:19]} 11. Nb1 {[%emt 0:06:10] &Bianco is more active.} (11. Qg3 $14 {is more appropriate.}) 11... c5 $11 {[%emt 0:03:08]} 12. c3 {[%emt 0:00:08]} Nc6 {[%emt 0:00:08]} 13. Na3 {[%emt 0:01:26]} a6 {[%emt 0:01:29]} 14. Nc2 {[%emt 0:00:55]} Rc8 {[%emt 0:01:03]} 15. Bd3 {[%emt 0:01:54]} Bg5 {[%emt 0:14:31]} 16. Bxg5 {[%emt 0:07:29]} Qxg5 {[%emt 0:00:03]} 17. g3 {[%emt 0:00:05]} h5 {[%emt 0:14:53]} 18. h4 {[%emt 0:01:07]} Qh6 {[%emt 0:00:08]} 19. Kg2 {[%emt 0:09:12]} O-O {[%emt 0:05:00]} 20. Re1 {[%emt 0:05:46]} Kg7 {[%emt 0:01:17]} 21. Rad1 {[%emt 0:00:36]} f6 {[%emt 0:11:33]} 22. exf6+ {[%emt 0:03:32]} Nxf6 {[%emt 0:00:08]} (22... Rxf6 {is interesting.} 23. Qe3 cxd4 24. Qxh6+ Kxh6 25. Nxd4 e5) 23. Qe3 {[%emt 0:01:37]} ({Don't go for} 23. dxc5 $2 Ng4 24. Qe2 Rxf2+ 25. Qxf2 Nxf2 26. Kxf2 Re8 $19) (23. Rxe6 {feels hotter.} c4 24. Ne3 cxd3 25. Nxd5 Nxd5 26. Qxd5 Rf7 27. Qe4) 23... Qxe3 {[%emt 0:00:20]} 24. fxe3 {[%emt 0:00:09]} c4 {[%emt 0:07:07]} 25. Be2 {[%emt 0:00:04]} Rc7 {[%emt 0:05:12]} (25... Rce8 $17) 26. Rf1 {[%emt 0:03:13]} (26. Bf3 $11) 26... Rcf7 $17 {[%emt 0:00:17]} 27. Rf4 {[%emt 0:03:13]} Ne7 {[%emt 0:01:03]} 28. Bf3 {[%emt 0:05:05]} Nf5 {[%emt 0:00:10]} 29. Re1 {[%emt 0:00:17]} (29. e4 $2 dxe4 30. Be2 (30. Bxe4 $2 Nxe4 31. Rxe4 Nxg3 $19) 30... b5 $19) 29... Nd6 {[%emt 0:00:20] Pair of Knights!} 30. Re2 {[%emt 0:00:05]} Kh6 {[%emt 0:04:08]} ({Black should try} 30... Rg8 $17) 31. Na3 $11 {[%emt 0:00:25]} Rg8 {[%emt 0:02:12]} (31... b5 $142) 32. Rf2 {[%emt 0:00:24]} (32. e4 $1 $11 dxe4 33. Bxe4) 32... g5 {[%emt 0:01:22]} ({Black should play} 32... Kg7 $17) 33. hxg5+ {[%emt 0:00:30] The position is equal.} Rxg5 {[%emt 0:01:09] White must now prevent ...Nf5.} (33... Kxg5 {is more complex.} 34. Bxh5 Kxh5 35. Rxf6 Rxg3+ 36. Kxg3 Ne4+) 34. Bxd5 $1 {[%emt 0:01:00]} Nxd5 {[%emt 0:00:27]} 35. Rxf7 {[%emt 0:00:04]} Nxe3+ {[%emt 0:00:13]} 36. Kh3 {[%emt 0:00:21] [#] R2f6+ is the strong threat.} Nxf7 {[%emt 0:02:00]} 37. Rxf7 {[%emt 0:00:03]} b5 {[%emt 0:00:16]} ({But not} 37... Nf5 38. Rxb7 Rxg3+ 39. Kh2 $14) 38. Rf3 {[%emt 0:00:13]} Ng4 {[%emt 0:01:05] Weighted Error Value: White=0.17 (very precise) /Black=0.17 (very precise)} 1/2-1/2

[Event "German Bundesliga 2021-22"]
[Site "Germany"]
[Date "2022.04.09"]
[Round "3.5"]
[White "Gavrilescu, David"]
[Black "Von Herman, Ulf"]
[Result "1-0"]
[WhiteElo "2512"]
[BlackElo "2349"]
[Annotator "TA"]
[PlyCount "93"]
[EventDate "2022.03.05"]
[EventType "team-tourn"]
[EventCountry "GER"]
[SourceTitle "playchess.com"]
[Source "ChessBase"]
[SourceQuality "1"]
[TimeControl "40/5400+30:1800+30"]

{[%evp 9,93,0,0,-22,-10,-13,11,-6,0,0,-13,-35,0,0,0,-8,-11,-48,-50,-41,-51,-41,-45,-71,-71,-51,-23,-20,-14,-40,-44,-51,-48,-64,-57,-74,-28,-26,-27,-38,-23,-54,0,-20,0,-32,-44,0,-7,0,0,0,0,0,0,0,26,38,62,13,65,0,0,9,67,0,122,0,0,0,0,0,247,234,234,133,124,137,138,129,547,539,482,405,828,414]} 1. e4 {[%emt 0:00:00]} c6 {[%emt 0:06:34]} 2. Nf3 {[%emt 0:00:00][%cal Bg1f3,Bf3e5,Be5g4][%mdl 32]} d5 {[%emt 0:01:17]} 3. exd5 {[%emt 0:00:00]} cxd5 {[%emt 0:00:09]} 4. d4 {[%emt 0:00:00]} Nc6 {[%emt 0:00:35]} 5. Ne5 {[%emt 0:00:00]} e6 {[%emt 0:07:53]} 6. c3 {[%emt 0:01:49] B13: Caro-Kann: Exchange Variation and Panov-Botvinnik Attack.} Bd6 {[%emt 0:05:46]} 7. f4 {[%emt 0:01:39] [#]} g6 $146 {[%emt 0:07:00]} ({Predecessor:} 7... Nge7 8. Bd3 O-O 9. Nd2 f6 10. Qh5 Nf5 11. Nxc6 bxc6 12. O-O c5 13. Nf3 Rb8 {½-½ (46) Safarli,E (2598)-Vazquez,G (2527) Chess.com INT 2020}) 8. Bb5 {[%emt 0:26:05] The position is equal.} Nge7 {[%emt 0:08:11]} 9. O-O {[%emt 0:02:49]} f6 {[%emt 0:00:52]} 10. Ng4 {[%emt 0:03:09]} O-O {[%emt 0:07:13]} (10... h5 $5 {[%cal Rh5g4]} 11. Ne3 (11. Nxf6+ Kf7 $17) 11... Kf7 $11) 11. Nd2 {[%emt 0:03:57]} Qb6 {[%emt 0:06:52]} 12. Qe2 {[%emt 0:08:36]} Bd7 {[%emt 0:08:42][%cal Oc6d4]} 13. Bd3 {[%emt 0:02:47]} e5 {[%emt 0:03:46]} 14. fxe5 {[%emt 0:05:26]} Bxg4 {[%emt 0:05:19][%mdl 64] Remove Defender} 15. Qxg4 {[%emt 0:01:02]} Nxe5 {[%emt 0:00:07]} 16. Qh3 {[%emt 0:00:15]} Nxd3 {[%emt 0:00:27]} 17. Qxd3 {[%emt 0:00:03]} Qc7 {[%emt 0:01:51]} 18. Nf3 {[%emt 0:04:26]} Nf5 {[%emt 0:03:45]} 19. b3 {[%emt 0:03:35]} Rae8 {[%emt 0:05:34][%cal Ba8e8,Be8e4,Be4e3][%mdl 32]} 20. c4 {[%emt 0:08:45]} Re4 {[%emt 0:01:31]} 21. c5 {[%emt 0:08:18]} Bf4 {[%emt 0:05:53]} 22. b4 {[%emt 0:00:13]} Be3+ {[%emt 0:02:32]} (22... Kg7 $17) 23. Bxe3 $11 {[%emt 0:01:43]} Rxe3 {[%emt 0:02:04]} 24. Qd2 {[%emt 0:01:02]} Rfe8 {[%emt 0:00:20] Strongly threatening ...Re2.} 25. Rae1 {[%emt 0:00:25] Prevents Re2.} R8e4 {[%emt 0:04:59]} ({Better is} 25... R3e4 $15) 26. b5 {[%emt 0:01:55]} Qe7 {[%emt 0:01:18]} 27. Kf2 {[%emt 0:02:05]} h5 {[%emt 0:01:28]} 28. Rxe3 {[%emt 0:00:53]} Nxe3 {[%emt 0:00:12]} 29. Re1 {[%emt 0:00:04][%cal Re1e3]} Ng4+ {[%emt 0:01:02]} 30. Kg1 {[%emt 0:00:11]} Ne3 {[%emt 0:00:05]} 31. c6 {[%emt 0:04:37][%cal Oe1e3] Rxe3! is the strong threat.} bxc6 {[%emt 0:00:12]} 32. bxc6 {[%emt 0:00:02][%cal Oe1e3] And now Rxe3! would win.} Nc4 {[%emt 0:00:15] [#]} 33. Rxe4 $1 {[%emt 0:00:21]} Qxe4 {[%emt 0:00:25]} (33... dxe4 34. Qc2) 34. Qc1 {[%emt 0:05:03]} (34. Qe1 $14 {is superior.}) 34... Kg7 {[%emt 0:01:12]} (34... Qf5 $11) 35. c7 {[%emt 0:01:13]} (35. Qe1 $14) 35... Qf5 {[%emt 0:00:11]} 36. Qe1 {[%emt 0:01:54] Hoping for Qe7+.} Qd7 {[%emt 0:00:24] Against Qe7+} (36... Kf7 $1 $11) 37. Qg3 {[%emt 0:00:16]} ({White should play} 37. c8=R $14 Qxc8 38. Qe7+ Kg8 39. Qxf6) 37... Kf7 {[%emt 0:00:25]} (37... Nb6 $11 {remains equal.}) 38. Qf4 {[%emt 0:00:16]} (38. Nh4 $1 $16 g5 39. Qd3 $1 (39. Nf3 h4 $11)) 38... Kg7 {[%emt 0:00:10]} 39. Nh4 {[%emt 0:03:26]} Nb6 {[%emt 0:00:18]} 40. Qc1 {[%emt 0:00:24]} Nc4 $2 {[%emt 0:00:16] [#]} (40... Qa4 $11 41. c8=Q Qxd4+ 42. Kh1 Nxc8 43. Qc7+ Kh6 44. Qc1+ Kh7 45. Qc7+ Kh6 46. Qc1+ Kh7 47. Qc7+ Kh6) 41. Qb1 $1 $18 {[%emt 0:00:00]} f5 {[%emt 0:00:00]} 42. Qb7 {[%emt 0:00:00]} (42. Qb8 $18 Qa4 43. Qb3 (43. Nxf5+ gxf5 44. h3 Nd6 $15) 43... Qxb3 44. axb3) 42... Nd6 $16 {[%emt 0:00:00] Prevents c8Q.} 43. Qxa7 {[%emt 0:00:00] 0x0.00264cf1c310dp-1022s more active pieces.} Qe7 {[%emt 0:00:00][%cal Re7e1] [#]} 44. Nf3 $36 {[%emt 0:00:25][%mdl 2048] Against Qe1+. Black is under strong pressure.} Qe3+ {[%emt 0:00:00][%mdl 8192]} (44... Nb5 $16 45. Qb7 Qe3+ 46. Kh1 Qc1+ 47. Ng1 Nxc7) 45. Kh1 $18 {[%emt 0:06:23]} Qc1+ {[%emt 0:00:01]} 46. Ng1 {[%emt 0:00:08]} Kh6 {[%emt 0:00:30]} (46... Kf6 $142 47. h4 Qf4) 47. Qc5 {[%emt 0:00:05] Weighted Error Value: White=0.18 (very precise) /Black=0.46} 1-0

[Event "German Bundesliga 2021-22"]
[Site "Germany"]
[Date "2022.04.09"]
[Round "3.5"]
[White "Grigorian, Spartak"]
[Black "Stankovic, Milos"]
[Result "1/2-1/2"]
[WhiteElo "2477"]
[BlackElo "2412"]
[Annotator "RC"]
[PlyCount "57"]
[EventDate "2022.03.05"]
[EventType "team-tourn"]
[EventCountry "GER"]
[SourceTitle "playchess.com"]
[Source "ChessBase"]
[SourceQuality "1"]
[TimeControl "40/5400+30:1800+30"]

1. d4 {[%emt 0:00:00]} Nf6 {[%emt 0:00:00]} 2. c4 {[%emt 0:00:00]} g6 {[%emt 0:00:00]} 3. Nc3 {[%emt 0:00:00]} d5 {[%emt 0:00:00]} 4. cxd5 {[%emt 0:00:00]} Nxd5 {[%emt 0:00:00]} 5. e4 {[%emt 0:00:00]} Nxc3 {[%emt 0:00:00]} 6. bxc3 {[%emt 0:00:00]} Bg7 {[%emt 0:00:00]} 7. Nf3 {[%emt 0:00:00]} c5 {[%emt 0:00:00]} 8. Bb5+ {[%emt 0:00:00]} Nc6 {[%emt 0:00:00]} 9. Rb1 {[%emt 0:00:00]} Qa5 {[%emt 0:08:32]} 10. Bd2 {[%emt 0:06:47]} O-O {[%emt 0:10:41]} 11. d5 {[%emt 0:10:34]} Ne5 {[%emt 0:06:15]} 12. Nxe5 {[%emt 0:05:09]} Bxe5 {[%emt 0:03:20]} 13. O-O {[%emt 0:13:09]} Bxc3 {[%emt 0:09:04]} 14. Be3 {[%emt 0:00:41]} a6 {[%emt 0:07:22]} 15. Bd3 {[%emt 0:18:07]} e6 {[%emt 0:07:03]} 16. Qc2 {[%emt 0:24:24]} exd5 {[%emt 0:04:13]} 17. exd5 {[%emt 0:00:03]} Rd8 {[%emt 0:00:38]} 18. Be4 {[%emt 0:03:13]} Bd4 {[%emt 0:08:42]} 19. Bxd4 {[%emt 0:04:24]} cxd4 {[%emt 0:00:09]} 20. Qc4 {[%emt 0:01:56]} Bf5 {[%emt 0:09:22]} 21. Bxf5 {[%emt 0:08:36]} gxf5 {[%emt 0:00:19]} 22. Qc1 {[%emt 0:00:06]} f4 {[%emt 0:09:51]} 23. Qxf4 {[%emt 0:01:04]} Qxd5 {[%emt 0:00:10]} 24. Rfe1 {[%emt 0:01:35]} Re8 {[%emt 0:01:35]} 25. h4 {[%emt 0:00:29]} d3 {[%emt 0:02:18]} 26. Red1 {[%emt 0:00:49]} Rad8 {[%emt 0:02:44]} 27. Rb3 {[%emt 0:01:01]} Qe4 {[%emt 0:01:42]} 28. Qg3+ {[%emt 0:01:22]} Qg6 {[%emt 0:00:22]} 29. Rdxd3 {[%emt 0:00:44]} 1/2-1/2

[Event "German Bundesliga 2021-22"]
[Site "Germany"]
[Date "2022.04.09"]
[Round "3.6"]
[White "Froewis, Georg"]
[Black "Handke, Florian"]
[Result "0-1"]
[WhiteElo "2449"]
[BlackElo "2539"]
[Annotator "TA"]
[PlyCount "54"]
[EventDate "2022.03.05"]
[EventType "team-tourn"]
[EventCountry "GER"]
[SourceTitle "playchess.com"]
[Source "ChessBase"]
[SourceQuality "1"]
[TimeControl "40/5400+30:1800+30"]

{[%evp 9,54,-16,13,-7,0,-12,-20,-15,-8,-7,-13,-17,0,-12,0,0,38,-30,-25,-35,0,-105,-71,-225,-99,-140,-149,-138,-136,-158,-124,-503,-493,-615,-628,-600,-613,-665,-663,-648,-649,-626,-549,-783,-645,-1189,-1063]} 1. d4 {[%emt 0:00:00]} Nf6 {[%emt 0:00:00]} 2. Nf3 {[%emt 0:00:00]} g6 {[%emt 0:00:00]} 3. c4 {[%emt 0:00:00]} Bg7 {[%emt 0:00:00]} 4. Nc3 {[%emt 0:00:00]} d5 {[%emt 0:00:00]} 5. h4 {[%emt 0:00:00]} dxc4 {[%emt 0:00:00][%cal Oc7c5]} 6. e4 {[%emt 0:00:00] D90: Grünfeld: 4 Nf3 Bg7 sidelines.} c5 {[%emt 0:00:00]} 7. d5 {[%emt 0:00:00]} b5 {[%emt 0:00:00] Inhibits Qa4.} 8. h5 {[%emt 0:00:00] The position is equal.} O-O $1 {[%emt 0:00:00]} (8... gxh5 9. e5 Nfd7 10. Rxh5 $16) 9. hxg6 {[%emt 0:00:00]} fxg6 {[%emt 0:00:00]} 10. Rh4 {[%emt 0:00:00]} a6 {[%emt 0:00:00]} 11. Be2 {[%emt 0:00:00] [#]} Ng4 $146 {[%emt 0:08:32]} ({Predecessor:} 11... Nbd7 12. e5 Nh5 13. d6 Nxe5 14. Rxh5 Qxd6 15. Qxd6 exd6 16. Rxe5 dxe5 17. Ng5 Bb7 {½-½ (31) Schormann,C (2410)-Husemann,A (2189) LSS email 2017}) 12. Rxh7 {[%emt 0:00:00]} Qd6 {[%emt 0:02:27]} (12... Kxh7 $5 13. Ng5+ Kg8 14. Bxg4 Qd6 $15) 13. e5 {[%emt 0:25:14]} Nxe5 $11 {[%emt 0:02:15]} 14. Ng5 {[%emt 0:05:49]} (14. Ne4 Nxf3+ 15. Bxf3 Qe5 $17) 14... Bf5 {[%emt 0:14:44]} (14... Qf6 15. Nce4 Qf5 16. a4 $16) 15. Be3 {[%emt 0:39:28]} (15. Nce4 $11 {remains equal.} Qb6 16. f4) 15... Nbd7 $17 {[%emt 0:03:28] White must now prevent ...Nf6.} 16. g4 $2 {[%emt 0:09:39]} (16. Nce4 $17 {was necessary.} Qb8 17. Rh4 (17. Nxc5 $2 Nxc5 18. Rxg7+ Kxg7 $19)) 16... Nd3+ {[%emt 0:08:12]} (16... Bd3 $1 $19 {Hoping for ...b4.} 17. f4 b4 $1) 17. Kf1 {[%emt 0:04:46] [#]} b4 $1 $36 {[%emt 0:04:01][%mdl 2048] Black is on the roll.} 18. gxf5 {[%emt 0:02:11]} bxc3 {[%emt 0:00:48] Active counter play!} 19. Bxd3 {[%emt 0:07:31][%cal Od1g4] aiming for Qg4!} cxd3 {[%emt 0:00:36] Really sharp!} 20. Qg4 $2 {[%emt 0:03:08][%mdl 8192]} (20. bxc3 $17 {nothing else works.} Rxf5 21. Qxd3) 20... Rxf5 {[%emt 0:10:01] Black is clearly winning.} 21. bxc3 {[%emt 0:01:28]} Nf6 {[%emt 0:01:19]} ({Not} 21... Bxc3 22. Ne4 Kxh7 23. Nxd6 exd6 24. Rb1 $14) 22. Qh3 {[%emt 0:00:47]} Qxd5 {[%emt 0:02:55]} 23. c4 {[%emt 0:00:25]} Qxc4 {[%emt 0:04:14] And now ...d2+ would win.} 24. Rh4 {[%emt 0:00:27]} Qc2 {[%emt 0:03:09]} 25. Kg2 {[%emt 0:00:47]} Rf8 {[%emt 0:10:13] ...d2 is the strong threat.} 26. Rc1 {[%emt 0:01:11]} Qxa2 {[%emt 0:01:31]} 27. Rhc4 {[%emt 0:00:35]} d2 {[%emt 0:01:08] Weighted Error Value: White=0.75/Black=0.17 (very precise)} 0-1

[Event "German Bundesliga 2021-22"]
[Site "Germany"]
[Date "2022.04.09"]
[Round "3.6"]
[White "Braeuer, Franz"]
[Black "Markgraf, Alexander"]
[Result "1/2-1/2"]
[WhiteElo "2428"]
[BlackElo "2482"]
[Annotator "RC"]
[PlyCount "71"]
[EventDate "2022.03.05"]
[EventType "team-tourn"]
[EventCountry "GER"]
[SourceTitle "playchess.com"]
[Source "ChessBase"]
[SourceQuality "1"]
[TimeControl "40/5400+30:1800+30"]

1. e4 {[%emt 0:00:00]} c5 {[%emt 0:00:00]} 2. Nf3 {[%emt 0:00:00]} e6 {[%emt 0:00:00]} 3. d4 {[%emt 0:00:00]} cxd4 {[%emt 0:00:00]} 4. Nxd4 {[%emt 0:00:00]} Nc6 {[%emt 0:00:00]} 5. Nc3 {[%emt 0:00:00]} Qc7 {[%emt 0:00:00]} 6. g3 {[%emt 0:00:00]} a6 {[%emt 0:00:00]} 7. Bg2 {[%emt 0:00:00]} d6 {[%emt 0:00:00]} 8. O-O {[%emt 0:00:00]} Bd7 {[%emt 0:00:00]} 9. Re1 {[%emt 0:00:00]} Be7 {[%emt 0:00:00]} 10. Nxc6 {[%emt 0:00:00]} Bxc6 {[%emt 0:00:00]} 11. Ne2 {[%emt 0:00:00]} Nf6 {[%emt 0:14:06]} 12. Nd4 {[%emt 0:00:00]} Bd7 {[%emt 0:01:13]} 13. Qe2 {[%emt 0:04:18]} O-O {[%emt 0:05:03]} 14. a4 {[%emt 0:03:49]} g6 {[%emt 0:07:39]} 15. c3 {[%emt 0:22:33]} Rfe8 {[%emt 0:16:46]} 16. Bg5 {[%emt 0:03:22]} Rab8 {[%emt 0:02:58]} 17. a5 {[%emt 0:07:15]} Kg7 {[%emt 0:03:34]} 18. Rec1 {[%emt 0:09:15]} Rbc8 {[%emt 0:07:59]} 19. Qd2 {[%emt 0:07:21]} Ng4 {[%emt 0:04:24]} 20. Bxe7 {[%emt 0:06:28]} Rxe7 {[%emt 0:00:05]} 21. Qg5 {[%emt 0:00:28]} Nf6 {[%emt 0:00:15]} 22. Rd1 {[%emt 0:00:46]} h6 {[%emt 0:04:53]} 23. Qd2 {[%emt 0:00:36]} d5 {[%emt 0:01:11]} 24. exd5 {[%emt 0:02:57]} exd5 {[%emt 0:00:10]} 25. Nc2 {[%emt 0:08:32]} Bg4 {[%emt 0:02:13]} 26. Re1 {[%emt 0:00:04]} Rxe1+ {[%emt 0:02:31]} 27. Qxe1 {[%emt 0:00:04]} Bf5 {[%emt 0:02:03]} 28. Ne3 {[%emt 0:00:25]} Be6 {[%emt 0:11:57]} 29. Qd1 {[%emt 0:04:07]} Qc5 {[%emt 0:00:36]} 30. Qa4 {[%emt 0:01:25]} Bd7 {[%emt 0:01:57]} 31. Qf4 {[%emt 0:06:16]} Qb5 {[%emt 0:02:06]} 32. Rd1 {[%emt 0:05:09]} Be6 {[%emt 0:01:21]} 33. Qd4 {[%emt 0:06:16]} Qxa5 {[%emt 0:02:51]} 34. Bxd5 {[%emt 0:00:30]} Bxd5 {[%emt 0:00:35]} 35. Nxd5 {[%emt 0:00:34]} Qxd5 {[%emt 0:00:17]} 36. Qxd5 {[%emt 0:00:04]} 1/2-1/2